simplifying review of basic surgical oncology / (رقم التسجيلة. 136782)

تفاصيل مارك
000 -الفاتح
عناصر البيانات ثابتة الطول 00544cam a2200181 i 4500
005 - تاريخ ووقت آخر معاملة
حقل ضبط 20260222131907.0
008 - عناصر البيانات ثابتة الطول
عناصر البيانات ثابتة الطول 250721s9999 jo a gr 000 0 ara d
020 ## - الترقيم الدولي المعياري للكتب (ردمك)
الترقيم الدولي المعياري للكتب (ردمك) 9789957649036
082 14 - رقم تصنيف ديوي العشري
رقم التصنيف 617
رقم المادة T A W
100 1# - مدخل رئيسي – اسم شخصي
الاسم الشخصي Jamal، Al-Tawalbeh Shalan
علاقة الشخص بالعمل/ دوره Author.
245 10 - بيان العنوان
العنوان simplifying review of basic surgical oncology /
بيان المسؤولية Dr. Al- Tawalbeh Shalan Jamal.
250 ## - بيان الطبعة
بيان الطبعة first edition.
264 31 - بيانات النشر، التوزيع…إلخ
مكان النشر، التوزيع...إلخ عمان :
اسم الناشر، الموزع...إلخ دار الجنان،
تاريخ النشر، التوزيع...إلخ 2017.
300 ## - الوصف المادي
عدد الوحدات المكونة للوعاء 128 page.
650 17 - مدخل إضافي بالموضوع - مصطلح موضوعي
مصطلح موضوعي أو اسم جغرافي كعنصر مدخل Surgical.
942 ## - بيانات إضافية (كوها)
نوع التنصيف Dewey Decimal Classification
نوع المادة (كوها) كتب
المقتنيات
حالة السحب حالة الفقدان مصدر التصنيف حالة التلف غير قابل للإعارة المكتبة الرئيسية المكتبة الحالية موقع الرف تاريخ التزويد رقم المخزون Total Checkouts رقم الإستدعاء الباركود تاريخ آخر ظهور تاريخ الفاتورة نوع المادة (كوها)
    Dewey Decimal Classification     المكتبة المركزية المكتبة المركزية الإعارة 28/07/2025 1673126   617 / T A W PLD00412627 28/07/2025 28/07/2025 كتب
    Dewey Decimal Classification     مكتبة أبو علندا العامة مكتبة أبو علندا العامة الإعارة 06/12/2017 1673130   617/TAW PLD00412887 28/07/2025 06/12/2017 كتب
    Dewey Decimal Classification     مكتبة الحسن العامة مكتبة الحسن العامة الإعارة 06/12/2017 1673127   617/TAW PLD00412882 28/07/2025 06/12/2017 كتب
    Dewey Decimal Classification     مكتبة حمزة العامة مكتبة حمزة العامة الإعارة 06/12/2017 1673129   617/TAW PLD00412886 28/07/2025 06/12/2017 كتب
    Dewey Decimal Classification     مكتبة صويلح العامة مكتبة صويلح العامة الإعارة 06/12/2017 1673128   617/TAW PLD00412885 28/07/2025 06/12/2017 كتب
Implemented & Customized by: BBB with SCIT (Smart Chains for Information Technology)

Powered by Koha